00737nam a22002177a 4500003000500000005001700005008004100022010001000063011001000073035001000083040000900093100003000102245011200132260004100244300003200285502011200317650001100429650002800440650002800468650002300496CHAP20220329142302.0000511d2000 mx r 00110 spa d a81062 a82034 a92519 cCHAP00aPérez Soto, Ma. Teresa.10aSituación actual y perspectivas para la producción de tequila en Méxicoc/por Ma. Teresa Pérez Soto aChapingo, Méx. :bEl autor,c2000. a78 h. :bgráfs. ; cuadros aTesis (M.C. en Economía del Desarrollo Rural) -- UACH. División de Ciencias Económico Administrativas14aAgave.14aComercio internacional.14aTequilaxExportación.14aTequilaxMercadeo.